Lean In: Women, Work and The Will To Lead (Record no. 10972)

MARC details
000 -LEADER
fixed length control field 00442nam a22001697a 4500
003 - CONTROL NUMBER IDENTIFIER
control field OSt
008 - FIXED-LENGTH DATA ELEMENTS--GENERAL INFORMATION
fixed length control field 210814b ||||| |||| 00| 0 eng d
020 ## - INTERNATIONAL STANDARD BOOK NUMBER
International Standard Book Number 9780753541630
082 ## - DEWEY DECIMAL CLASSIFICATION NUMBER
Classification number 658.3124082
Item number SAL
100 G# - MAIN ENTRY--PERSONAL NAME
Personal name SANDBERG, Sheryl
245 ## - TITLE STATEMENT
Title Lean In: Women, Work and The Will To Lead
250 ## - EDITION STATEMENT
Edition statement 1st
260 ## - PUBLICATION, DISTRIBUTION, ETC. (IMPRINT)
Place of publication, distribution, etc London
Name of publisher, distributor, etc WH Allen, an Imprint of Ebury Publishing
Date of publication, distribution, etc 2015
300 ## - PHYSICAL DESCRIPTION
Extent 232
650 ## - SUBJECT ADDED ENTRY--TOPICAL TERM
Topical term or geographic name as entry element Motivational
942 ## - ADDED ENTRY ELEMENTS (KOHA)
Source of classification or shelving scheme Dewey Decimal Classification
Koha item type Text Books
Holdings
Withdrawn status Lost status Source of classification or shelving scheme Damaged status Not for loan Collection code Home library Current library Date acquired Source of acquisition Currency Cost, normal purchase price Bill Number Total Checkouts Full call number Acc. no. / Barcode Date last seen Actual Cost, discounted price Bill Date Koha item type Public note
    Dewey Decimal Classification     GENERAL PIET C-LIBRARY PIET C-LIBRARY 22/09/2021 Prism Books and Stationery Shop IN Rupees 599.00 IN274   658.3124082 SAL 33246 30/09/2021 479.20 22/09/2021 Text Books Motivational

Design & Developed by: PIET Central Library
R70 Miles Stone Pattikalyana Samalkha Panipat 132102
mail ID :- [email protected], Phone No:- 0180-2569700 Ex.216